000 00346nam a2200133Ia 4500
005 20251222151307.0
008 251222s9999||||xx |||||||||||||| ||spa||
082 _a985.019.092/C31
100 _aCarrillo Espejo, Francisco
245 0 _aDiario del Inca Garcilaso (1562-1616)
250 _a1ra.ed.
264 _bEditorial Horizonte
942 _cLIB
999 _c23208
_d23208